000
00309nam a2200133Ia 4500
008
240624s9999 xx 000 0 und d
041
_a
eng
082
_a
823 DAS
100
_a
DASGUPTA RANA
245
_a
SOLO
260
_c
2011
_a
New Delhi
_b
HarperCollins
300
_a
352 : p. : cm. ; 20
365
_c
RS
_b
25
999
_c
18706
_d
18706